Introducción al crecimiento económico (Registro nro. 990)

Detalles MARC
000 -LEADER
fixed length control field 01184 a2200241 4500
001 - CONTROL NUMBER
control field 22372
005 - DATE AND TIME OF LATEST TRANSACTION
control field 20260407155514.0
008 - FIXED-LENGTH DATA ELEMENTS--GENERAL INFORMATION
fixed length control field 260407a2000 arg spa d
003 - CONTROL NUMBER IDENTIFIER
control field AR-UNSa-BCEJYS
040 ## - CATALOGING SOURCE
Original cataloging agency AR-UNSa-BCEJYS
Language of cataloging spa
Transcribing agency AR-UNSa-BCEJYS
080 ## - UNIVERSAL DECIMAL CLASSIFICATION NUMBER
Universal Decimal Classification number 330.35
Common auxiliary subdivision Crecimiento económico
020 ## - INTERNATIONAL STANDARD BOOK NUMBER
International Standard Book Number 968-444-410-9
100 1# - MAIN ENTRY--PERSONAL NAME
Personal name Jones, Charles I.
245 10 - TITLE STATEMENT
Title Introducción al crecimiento económico
264 #1 - PRODUCTION, PUBLICATION, DISTRIBUTION, MANUFACTURE, AND COPYRIGHT NOTICE
Place of production, publication, distribution, manufacture México :
Name of producer, publisher, distributor, manufacturer Pearson Educación
Date of production, publication, distribution, manufacture, or copyright notice 2000
300 ## - PHYSICAL DESCRIPTION
Extent 203 p.
Dimensions 23 cm.
505 ## - FORMATTED CONTENTS NOTE
Formatted contents note 1. Introducción al crecimiento económico - 2. El modelo del solow - 3. Aplicaciones empíricas de los modelos crecimiento neoclásicos - 4. La economía de las ideas - 5. El motor del crecimiento - 6. Un modelo sencillo de crecimiento y desarrollo - 7. Infraestructura y desempeño económico a largo plazo neoclásicos - 8. Teorías alternativas del crecimiento endógeno - 9. Comprensión del crecimiento económico.
590 ## - LOCAL NOTE (RLIN)
Local note niveau_biblio:m niveau_hierar:0
700 1# - ADDED ENTRY--PERSONAL NAME
Personal name Coro Pando, Julio Silverio
700 1# - ADDED ENTRY--PERSONAL NAME
Personal name Piloyán Boudjikanian, Diana
856 41 - ELECTRONIC LOCATION AND ACCESS
Uniform Resource Identifier <a href="https://www.biblioeco.unsa.edu.ar/pmb/images/libros/L127421.jpg">https://www.biblioeco.unsa.edu.ar/pmb/images/libros/L127421.jpg</a>
Link text Imagen de portada
Electronic format type image/jpeg
942 ## - ADDED ENTRY ELEMENTS (KOHA)
Koha item type
Existencias
Withdrawn status Lost status Damaged status Not for loan Home library Current library Shelving location Date acquired Total checkouts Full call number Barcode Date last seen Price effective from Koha item type
        Biblioteca Prof. Eusebio Cleto del Rey Biblioteca Prof. Eusebio Cleto del Rey   07/04/2026   330.35 J76 L86618 07/04/2026 07/04/2026 Libro
        Biblioteca Prof. Eusebio Cleto del Rey Biblioteca Prof. Eusebio Cleto del Rey   07/04/2026   330.35 J76 L127421 07/04/2026 07/04/2026 Libro